| 000 | 00000nam##2200000za#4500 |
| 001 | 9.689624 |
| 003 | CaOODSP |
| 005 | 20210624231959 |
| 007 | cr ||||||||||| |
| 008 | 150407|2007||||xxc|||||o f|0| 0 eng|d |
| 020 | |a978-0-662-45709-1 |
| 040 | |aCaOODSP|beng |
| 043 | |an-cn--- |
| 086 | 1 |aSG5-11/2007E-PDF |
| 110 | 1 |aCanada. |bService Canada. |
| 245 | 10|aAudit of the Performance Tracking Directorate |h[electronic resource] |
| 260 | |aOttawa - Ontario : |bService Canada |cJanuary 2007. |
| 300 | |a29p.|btables |
| 500 | |a"Project Number: 6527/04" |
| 590 | |a13-10-Supp|b2013-04-13 |
| 775 | 08|tVérification de la Direction du contrôle de la performance |w(CaOODSP)9.634023 |
| 856 | 40|ahttp://publications.gc.ca|qPDF|s299.6 KB|uhttps://publications.gc.ca/collections/collection_2013/servcan/SG5-11-2007-eng.pdf |